000 00807nam a2200241 i 4500
001 69237
003 ES-MaACL
005 20250410063055.0
007 t|
008 040921s1995 sp ||||1| spa d
020 _a84-7785-136-0
080 _a821.134.2-14"19"
100 1 _aAltolaguirre Bolín, Manuel,
_d1905-1959
_920553
245 1 0 _aManuel Altolaguirre /
_cintroducción, selección y bio-bibliografía de James Valender.
260 _aMálaga :
_bCentro Cultural de la Generación del 27,
_c[1995]
300 _a28 p. ;
_c22 cm.
490 1 _aLa ola gratinada ;
_v12
700 1 _aValender, James.
_9112583
710 2 _aCentro Cultural Generación del 27.
_92582
830 0 _aLa ola gratinada ;
_v12
_9178241
852 _aES-MaACL
_j2180-F-18
_bR.126428
999 _c69237
_d69237